Sports Quiz

Random Sports or Football Quiz

Sort the Pittsburgh Steelers QBs (Picture Click) Quiz Stats

 Plays Quiz not verified by Sporcle

Score 0/15 Timer 04:00
0 Plays Today
% Correct
Ben Roethlisberger
86%
Terry Bradshaw
85.5%
2004-Present
85.1%
Kordell Stewart
82.8%
Bubby Brister
81.2%
1970-1983
79.8%
1995-2002
78.6%
Neil O'Donnell
73.8%
% Correct
1986-1992
71.7%
28-29
70.2%
107-51
70.1%
135-63
69.3%
1991-1995
66.7%
46-29
60.9%
39-22
57.4%

You're not logged in!

Compare scores with friends on all Sporcle quizzes.
Join for Free
OR
Log In

You Might Also Like...

Show Comments

Extras

Top Quizzes Today


Score Distribution

Your Account Isn't Verified!

In order to create a playlist on Sporcle, you need to verify the email address you used during registration. Go to your Sporcle Settings to finish the process.

Report this User

Report this user for behavior that violates our Community Guidelines.

Details: